|
LDR
| 02860cam a2200697 a 4500 |
|---|
| 001 | 15005 |
|---|
| 003 | CZ-PrJAB |
|---|
| 005 | 20200129094520.0 |
|---|
| 007 | tu |
|---|
| 008 | 031119s2003 xr cf e 000 mbcze |
|---|
| 015 | | . |
‡acnb001284395 |
|---|
| 020 | | . |
‡a80-7295-042-8
‡q(váz.) :
‡cKč 218,00 |
|---|
| 035 | | . |
‡a(CZ PrNK)cpk20031284395 |
|---|
| 035 | | . |
‡a(OCoLC)56860642 |
|---|
| 040 | | . |
‡aBOA001
‡bcze
‡dABA001 |
|---|
| 041 | 1 | . |
‡acze
‡heng |
|---|
| 043 | | . |
‡ae-xr---
‡ae-cs--- |
|---|
| 045 | | . |
‡ax3y0 |
|---|
| 072 | | 7. |
‡a929
‡xBiografie
‡2Konspekt
‡98 |
|---|
| 072 | | 7. |
‡a271/279
‡xKřesťanské církve, sekty, denominace
‡2Konspekt
‡95 |
|---|
| 080 | | . |
‡a2-3-055.2
‡2MRF |
|---|
| 080 | | . |
‡a2-67
‡2MRF |
|---|
| 080 | | . |
‡a2-72-67-021.452
‡2MRF |
|---|
| 080 | | . |
‡a27-72
‡2MRF |
|---|
| 080 | | . |
‡a2-6
‡2MRF |
|---|
| 080 | | . |
‡a929
‡2MRF |
|---|
| 080 | | . |
‡a272-726.3
‡2MRF |
|---|
| 080 | | . |
‡a27-726.3-733
‡2MRF |
|---|
| 080 | | . |
‡a(437.3)
‡2MRF |
|---|
| 080 | | . |
‡a(437)
‡2MRF |
|---|
| 080 | | . |
‡a(092)
‡2MRF |
|---|
| 100 | 1 | . |
‡aWinter, Miriam Therese,
‡d1938-
‡7jn20020726424
‡4aut |
|---|
| 245 | 1 | 0. |
‡aZ hlubin bezedných :
‡bpříběh Ludmily Javorové vysvěcené na římskokatolického kněze /
‡cMiriam Therese Winterová ; [z anglického originálu ... přeložila Magdalena Karelová] |
|---|
| 260 | | . |
‡aBrno :
‡bCesta,
‡c2003 |
|---|
| 300 | | . |
‡a259 s., [12] s. obr. příl. :
‡bportréty ;
‡c21 cm |
|---|
| 504 | | . |
‡aObsahuje bibliografii |
|---|
| 600 | 1 | 7. |
‡aJavorová, Ludmila,
‡d1932-
‡7xx0010531
‡2czenas |
|---|
| 610 | 2 | 7. |
‡aKatolická církev
‡7kn20010710145
‡2czenas |
|---|
| 648 | | 4. |
‡a1970-1989 |
|---|
| 648 | | 7. |
‡a20. století
‡7ch460558
‡2czenas |
|---|
| 650 | 0 | 7. |
‡aženy v církvi
‡7ph200853
‡zČesko
‡y20. století
‡2czenas |
|---|
| 650 | 0 | 7. |
‡aorganizace a struktura církve
‡7ph138526
‡zČeskoslovensko
‡y1968-1989
‡2czenas |
|---|
| 650 | 0 | 7. |
‡askrytá církev
‡7ph303226
‡zČeskoslovensko
‡y1968-1989
‡2czenas |
|---|
| 650 | 0 | 7. |
‡astát a církev
‡7ph116308
‡zČeskoslovensko
‡2czenas |
|---|
| 650 | 0 | 7. |
‡akatoličtí kněží
‡7ph114899
‡zČesko
‡y20. století
‡2czenas |
|---|
| 650 | 0 | 7. |
‡akněžství
‡7ph121685
‡2czenas |
|---|
| 650 | 0 | 9. |
‡aCatholic priests
‡zCzechia
‡y20th century
‡2eczenas |
|---|
| 650 | 0 | 9. |
‡apriesthood
‡2eczenas |
|---|
| 650 | 0 | 9. |
‡awomen in church work
‡zCzechia
‡y20th century
‡2eczenas |
|---|
| 650 | 0 | 9. |
‡aChurch and state
‡zCzechoslovakia
‡2eczenas |
|---|
| 650 | 0 | 9. |
‡aClergy office
‡zCzechoslovakia
‡y1968-1989
‡2eczenas |
|---|
| 650 | 0 | 9. |
‡areligious life
‡zCzechoslovakia
‡y1968-1989
‡2eczenas |
|---|
| 651 | | 7. |
‡aČeskoslovensko
‡7ge131689
‡xnáboženské poměry
‡y1968-1989
‡2czenas |
|---|
| 651 | | 9. |
‡aCzechoslovakia
‡xreligious conditions
‡y1968-1989
‡2eczenas |
|---|
| 655 | | 7. |
‡abiografie
‡7fd131909
‡2czenas |
|---|
| 655 | | 9. |
‡abiography
‡2eczenas |
|---|
| 765 | 0 | . |
‡tOut of the depths, the story of Ludmila Javorova ordained roman catholic priest
‡9Česky |
|---|
| 856 | 4 | 1. |
‡uhttp://krameriusndk.nkp.cz/search/handle/uuid:a14b3d20-3c24-11e5-8851-005056827e51
‡yDigitalizovaný dokument |
|---|
| 910 | | . |
‡aABG312 |
|---|
| 964 | | . |
‡aJavorová, Ludmila, 1932- - biografie |
|---|
| 995 | | . |
‡aska |
|---|
| 901 | | . |
‡a15005
‡bCZ-PrJAB
‡c15005
‡tbiblio |
|---|